Gestión de infraestructura vial
Guardado en:
| Hovedforfatter: | |
|---|---|
| Format: | Bog |
| Udgivet: |
Chile : Ediciones Universidad Católica de Chile, 1
1998
|
| Serier: | Textos Universitarios
|
| Fag: | |
| Tags: |
Tilføj Tag
Ingen Tags, Vær først til at tagge denne postø!
|
MARC
| LEADER | 00000nam a2200000Ia 4500 | ||
|---|---|---|---|
| 003 | 000134 | ||
| 005 | 20221231144022.0 | ||
| 008 | 140114s1998 cl a 000 ||sp d | ||
| 040 | |c cru CEDI | ||
| 082 | |a 625.8 S687g | ||
| 100 | |a Solminihac T., Hernán de |9 18865 | ||
| 245 | |a Gestión de infraestructura vial | ||
| 260 | |a Chile : Ediciones Universidad Católica de Chile, 1 |c 1998 | ||
| 300 | |a xiii, 443 páginas : ilustraciones |b fotocopia | ||
| 440 | |a Textos Universitarios |9 18866 | ||
| 650 | |x RUTAS COMERCIALES |x CONSTRUCCION DE CARRETERAS |x PAVIMENTOS |x SEGURIDAD VIAL |x CAMINOS |x TRANSPORTE - MANTENIMIENTO Y REPARACION |9 18867 | ||
| 942 | |2 ddc |c BK | ||
| 999 | |c 15682 |d 15682 | ||
